ا ر تھ شا ستر (Record no. 169846)
[ view plain ]
| 000 -LEADER | |
|---|---|
| fixed length control field | 00600nam a22001937a 4500 |
| 005 - DATE AND TIME OF LATEST TRANSACTION | |
| control field | 20191205170419.0 |
| 010 ## - LCCN (DPL NO) | |
| LC control number | A-998640 |
| 020 ## - INTERNATIONAL STANDARD BOOK NUMBER | |
| Terms of availability | 109.00 |
| International Standard Book Number | - |
| 035 ## - SYSTEM CONTROL NUMBER | |
| System control number | A-998640 |
| 037 ## - SOURCE OF ACQUISITION | |
| Source of stock number/acquisition | BPPD |
| 082 ## - DEWEY DECIMAL CLASSIFICATION NUMBER | |
| Classification number | 170 |
| 100 ## - MAIN ENTRY--PERSONAL NAME | |
| Personal name | آ چا ر يہ چا نکيہ |
| 245 ## - TITLE STATEMENT | |
| Title | ا ر تھ شا ستر |
| Statement of responsibility, etc | آ چا ر يہ چا نکيہ |
| 246 ## - VARYING FORM OF TITLE | |
| Title proper/short title | Arthshastr |
| Remainder of title | by Acharya Chanakya |
| 260 ## - PUBLICATION, DISTRIBUTION, ETC. (IMPRINT) | |
| Place of publication, distribution, etc | N.Delhi |
| Date of publication, distribution, etc | 1999 ء |
| Name of publisher, distributor, etc | Qomi Council Baraye Farogh Urdu Zuban |
| 270 ## - ADDRESS | |
| Address | West Block 1 R.K.Puram , |
| City | N.Delhi |
| Telephone number | - |
| Postal code | 110066 |
| 300 ## - PHYSICAL DESCRIPTION | |
| Extent | 529 ص |
| Dimensions | 22 cm(hb) |
| 942 ## - ADDED ENTRY ELEMENTS (KOHA) | |
| Source of classification or shelving scheme | Dewey Decimal Classification |
| Item type | Urdu Bks |
| Classification part | 170 |
| Call number suffix | چ ا ن |
| Withdrawn status | Lost status | Not for loan | Collection code | Home library | Current library | Date acquired | Source of acquisition | Cost, normal purchase price | Full call number | Barcode | Copy number | Cost, replacement price | Koha item type |
|---|---|---|---|---|---|---|---|---|---|---|---|---|---|
| Ordered | Non-fiction | Central Library | Central Library | 05/12/2019 | BPPD/Ven. | 109.00 | 170 چ ا ن | A-998640 | 1 | 109.00 | Urdu Bks |
